| 000 | 00550nam a2200145Ia 4500 | ||
|---|---|---|---|
| 008 | 220216s9999 xx 000 0 und d | ||
| 100 | _aGeorge S | ||
| 245 | 0 | _aEvaluation of field performance: Polybag Vs Root trainer rubber plants at different stages | |
| 260 | _bIRC 2012. International Rubber Conference, 28-31 October 2012, Kovalam, India, Rubber Research Institute of India, Kottayam and IRRDB, Malaysia: Abstracts. pp.139. | ||
| 650 | _aRoot trainer | ||
| 700 | _aIdicula S.P | ||
| 700 | _aSoman T.A | ||
| 700 | _aSyamala V.K | ||
| 942 | _cBS | ||
| 999 |
_c49598 _d49598 |
||